| 000 | 00000nam##2200000za#4500 |
| 001 | 9.612474 |
| 003 | CaOODSP |
| 005 | 20200401044900 |
| 007 | ta |
| 008 | 150406|1994||||xxc||||| f|0| 0 eng|d |
| 020 | |a0-662-23649-1 |
| 022 | |a1188-8903 |
| 040 | |aCaOODSP|beng |
| 043 | |an-cn--- |
| 086 | 1 |aEn1-17/13-1994E |
| 110 | 1 |aCanada. |bEnvironment Canada. |bEnvironmental Protection Service. |
| 245 | 10|aIndustrial wastewater: treatment of de-inking effluents by activated sludge and aerated lagoon systems : |bpilot study and scale-up / |cby Pierre Sylvestre. |
| 260 | |aMontreal - Quebec : |bEnvironment Canada. |c1994. |
| 300 | |a4p. : |bcoloured figs., tables ; |c28 cm. |
| 490 | 1 |aSt. Lawrence technologies|x1188-8903 |
| 563 | |aPamphlet |
| 590 | |a95-29|b1995-07-21 |
| 690 | 07|aWaste management|2gcpds |
| 690 | 07|aPulp and paper industry|2gcpds |
| 720 | 1 |aSylvestre, Pierre |
| 775 | 08|tEaux usées industrielles: traitement par boues activées et étangs aérés d'effluents d'usines de désencrage : |w(CaOODSP)9.623450 |
| 776 | 0#|tIndustrial wastewater. Treatment of de-inking effluents by activated sludge and aerated lagoon systems : |w(CaOODSP)9.571221 |
| 830 | #0|aSt. Lawrence technologies,|x1188-8903|w(CaOODSP)9.514532 |